| 000 | 005200000a22002050004500 | ||
|---|---|---|---|
| 003 | LK-CoMWRAF | ||
| 005 | 20230909012002.0 | ||
| 008 | 230817t2005 ||||| |||| 00| 0 eng d | ||
| 020 | _a0571231721 | ||
| 040 |
_aLK-CoMWRAF _dLK-CoMWRAF _eLK-CoMWRAF |
||
| 041 | _aeng | ||
| 082 |
_a824.91 _bKUR |
||
| 100 | _aKureishi, Hanif | ||
| 245 | _aThe Word and the bomb | ||
| 260 |
_aLondon : _bFaber and Faber Limited, _c2005 |
||
| 300 | _a100p | ||
| 650 | _a Islam and culture | ||
| 650 | _aIslam - Relations | ||
| 942 | _cBK | ||
| 999 |
_c2375 _d2375 |
||